00413 2200169 4500001002100000005001700021020002300038035002500061082000900086100001600095245003200111250000600143260005400149500002200203990000900225990000900234INLIS00000000001181720150112161541.0 avii 63 hlm 20,5 cm a0010-011500000004590 a7933 ahasan basri akesenian gandrung banuwangi a1 aBanyuwangibdinas kebudayaan dan pariwisatac2009 a978 602 96198 0 5 a0429 a0436